000 00425nam a2200169Ia 4500
008 230711s9999||||xx |||||||||||||| ||und||
020 _a978-81-904569-0-6
041 _aENG
082 _a677
_bMI-S
100 _aDr.Mishra,S.P
245 0 _aScience and technology of man made fibres
250 _a1st Ed.
260 _c2007
_aNew Delhi
_bSuraj Publications
300 _a431
650 _aTextile Engineering
942 _cBK
999 _c5483
_d5483